[Event "Bosnjaci op 17th"]
[Site "Bosnjaci"]
[Date "2012.01.03"]
[Round "1"]
[White "Urukalovic, Roman"]
[Black "Jelic, Slavko"]
[Result "1-0"]
[WhiteElo "2250"]
[BlackElo "1827"]
[PlyCount "97"]
[EventDate "2012.01.03"]
[EventType "swiss"]
[EventRounds "9"]
[EventCountry "CRO"]
[SourceTitle "CBM 146 Extra"]
[Source "ChessBase"]
[SourceDate "2012.02.29"]
[SourceVersion "1"]
[SourceVersionDate "2012.02.29"]
[SourceQuality "1"]

1. e4 c5 2. Nf3 Nc6 3. d4 cxd4 4. Nxd4 Nxd4 5. Qxd4 e6 6. Nc3 a6 7. Be3 b5 8. Be2 Bb7 9. 0-0 Bc6 10. a4 b4 11. Na2 Qb8 12. c3 a5 13. cxb4 axb4 14. b3 Nf6 15. f3 Be7 16. Kh1 0-0 17. Rac1 Qb7 18. Bd2 Rfb8 19. Bf4 Rd8 20. Bd6 Bxd6 21. Qxd6 Rab8 22. Rc4 Ne8 23. Qc5 Qc7 24. Nxb4 Qf4 25. Rd1 Bb7 26. a5 h6 27. a6 Bxa6 28. Nxa6 Rxb3 29. e5 Qe3 30. Qxe3 Rxe3 31. Re4 Rc3 32. Kg1 f6 33. f4 f5 34. Red4 Rc2 35. Kf1 Ra8 36. R1d2 Rc6 37. Nb4 Rb6 38. Nd3 Ra7 39. Nc5 Ra1+ 40. Kf2 d5 41. exd6 Nf6 42. d7 Nxd7 43. Rxd7 Rc1 44. Nd3 Rcb1 45. Ne5 R6b2 46. R2d6 Rb4 47. Bc4 Kh7 48. Kg3 Rb8 49. Bxe6 1-0